000 00453nam a2200157 4500
001 139805
003 ES-MaACL
005 20230906195918.0
007 t|
008 070214s1938 sp r ||||1| spa d
100 1 _aSchneider, Reinhold.
_9104574
245 1 0 _aPhilipp
_b: der zweite oder religion und macht /
_cReinhold Schneider.
260 _aLeipzig :
_bJakob Hegner,
_c1938.
300 _a343 p. ;
_c22 cm.
852 _aES-MaACL
_jA-4969
_bR.18019
999 _c139805
_d139805